000 00520nam a2200181Ia 4500
999 _c30187
_d30187
003 OSt
005 20201111104035.0
008 190216s9999||||xx |||||||||||||| ||und||
020 _a9789386680969
040 _coclc
082 _a894.8123
_bMUR/K
100 _aMurugan, Perumal
_96446
245 0 _aKeezhalan = Koolamaathari /
_cPerumal Murugan
260 _bD C Books Kerala,
_c2018.
_aKottayam:
300 _a287p
650 _aMalayalam
942 _cBK
_2ddc
_h894.8123
_iMUR/K
_k894.8123
_mMUR/K